Με πυξίδα την Ευρώπη : πολιτικές αναζητήσεις
Αποθηκεύτηκε σε:
| Κύριος συγγραφέας: | |
|---|---|
| Μορφή: | Βιβλίο |
| Γλώσσα: | Greek |
| Δημοσίευση: |
Αθήνα :
Παπαζήσης,
[χ.χ.]
|
| Θέματα: | |
| Ετικέτες: |
Προσθήκη ετικέτας
Δεν υπάρχουν, Καταχωρήστε ετικέτα πρώτοι!
|
MARC
| LEADER | 00000nam a2200000 i 4500 | ||
|---|---|---|---|
| 001 | 1/85965 | ||
| 008 | 970327q19851990 gre d | ||
| 020 | |a 960-02-0779-8 | ||
| 035 | |a 1989 |b 2 |c Δωρεά |l 10034848 | ||
| 040 | |a GR-MY-UA |b gre |e aacr | ||
| 041 | 0 | |a gre | |
| 082 | 0 | |a 938.8 | |
| 100 | 1 | |a Τσουδερού, Βιργινία. | |
| 245 | 1 | 0 | |a Με πυξίδα την Ευρώπη : |b πολιτικές αναζητήσεις / |c Βιργινία Τσουδερού |
| 260 | |a Αθήνα : |b Παπαζήσης, |c [χ.χ.] | ||
| 300 | |a 311 σ. | ||
| 651 | 0 | |a Greece |x Politics and government |y 1974- | |
| 852 | |a INST |b RHODES |e 19970327 |h 938.8 ΤΣΟ |p 005400010356 |q 005400010356 |t BK |y 0 | ||
| 901 | |a BIBL4-2000-2 | ||
| 909 | |a Ρ |b 014669 |c 1989 | ||
| 922 | |a 4ΔΩΡ |b 198907 | ||
| 970 | |z 2000/08/ΔΕΜΕΝΑΓΑΣ ΠΕΤΡΟΣ | ||